[Event "NOR-chT"]
[Site "Moss"]
[Date "2005.05.06"]
[Round "3"]
[White "Storland, Knut Harald"]
[Black "Olsen, Anders"]
[Result "1/2-1/2"]
[WhiteElo "2200"]
[BlackElo "1909"]
[PlyCount "70"]
[EventDate "2005.05.04"]
[EventType "team"]
[EventRounds "5"]
[EventCountry "NOR"]
[SourceTitle "EXT 2007"]
[Source "ChessBase"]
[SourceDate "2006.11.23"]
[SourceVersion "1"]
[SourceVersionDate "2006.11.23"]
[SourceQuality "1"]

1. c4 c5 2. g3 Nc6 3. Bg2 g6 4. Nc3 Bg7 5. a3 d6 6. Rb1 e5 7. b4 Nge7 8. bxc5 dxc5 9. d3 0-0 10. Nf3 f5 11. Bb2 h6 12. 0-0 Be6 13. Ne1 Qd7 14. Nc2 f4 15. Ne4 b6 16. Bc3 Bh3 17. a4 Bxg2 18. Kxg2 Rad8 19. a5 f3+ 20. exf3 Qxd3 21. Ne3 bxa5 22. Rb5 Qxd1 23. Rxd1 Rxd1 24. Nxd1 Rb8 25. Rxb8+ Nxb8 26. Bxa5 Nec6 27. Bc7 Nd7 28. Nb2 Bf8 29. Na4 Kf7 30. h4 Ke6 31. g4 Be7 32. Kg3 Nd4 33. Nac3 Nc6 34. Na4 Nd4 35. Nac3 Nc6 1/2-1/2

[Event "EU-Cup 18th"]
[Site "Kallithea"]
[Date "2002.09.25"]
[Round "4.2"]
[White "Storland, Knut Harald"]
[Black "Olafsson, Helgi"]
[Result "0-1"]
[WhiteElo "2273"]
[BlackElo "2476"]
[PlyCount "72"]
[EventDate "2002.09.22"]
[EventType "team-swiss"]
[EventRounds "7"]
[EventCountry "GRE"]
[SourceTitle "CBM 092"]
[Source "ChessBase"]
[SourceDate "2003.02.06"]
[SourceVersion "1"]
[SourceVersionDate "2003.02.06"]
[SourceQuality "1"]
[WhiteTeam "Randaberg"]
[BlackTeam "Reykjavik Hellir"]
[WhiteTeamCountry "NOR"]
[BlackTeamCountry "ISL"]

1. e4 e5 2. Nc3 Nf6 3. Bc4 Nc6 4. d3 Na5 5. Bg5 c6 6. a3 h6 7. Be3 d5 8. exd5 cxd5 9. Bb5+ Bd7 10. Bxd7+ Qxd7 11. Bd2 Nc6 12. Nf3 Bd6 13. 0-0 0-0 14. Ne2 Rad8 15. c3 Bb8 16. Qc2 Rfe8 17. Rad1 a6 18. Bc1 b5 19. Ng3 Ba7 20. Rfe1 Ng4 21. Re2 f5 22. Nh4 f4 23. Nf1 g5 24. Nf3 Qf7 25. h3 Nf6 26. Rde1 Bb8 27. Qb3 e4 28. dxe4 dxe4 29. Qxf7+ Kxf7 30. N3d2 Ne5 31. Nxe4 f3 32. Re3 fxg2 33. Kxg2 Nd3 34. Rxd3 Rxd3 35. f3 Bf4 36. Nfg3 Bxg3 0-1

[Event "EU-Cup 17th"]
[Site "Panormo"]
[Date "2001.09.24"]
[Round "2.1"]
[White "Storland, Knut Harald"]
[Black "Dreev, Alexey"]
[Result "0-1"]
[WhiteElo "2282"]
[BlackElo "2690"]
[PlyCount "52"]
[EventDate "2001.09.22"]
[EventType "team-swiss"]
[EventRounds "7"]
[EventCountry "GRE"]
[SourceTitle "CBM 084 Extra"]
[Source "ChessBase"]
[SourceDate "2001.10.26"]
[SourceVersion "1"]
[SourceVersionDate "2001.10.26"]
[SourceQuality "1"]
[WhiteTeam "Randaberg"]
[BlackTeam "Sarajevo Bosna"]
[WhiteTeamCountry "NOR"]
[BlackTeamCountry "BIH"]

1. Nf3 d5 2. d4 Nf6 3. Bf4 c5 4. e3 Nc6 5. c4 Bg4 6. dxc5 e5 7. Bg5 Bxf3 8. gxf3 d4 9. a3 h6 10. Bh4 a5 11. Qb3 g5 12. Bg3 Bxc5 13. Qxb7 Rc8 14. Bh3 Rc7 15. Qb5 Qd6 16. Bf5 0-0 17. h4 dxe3 18. hxg5 exf2+ 19. Bxf2 Bxf2+ 20. Kxf2 Qd4+ 21. Ke2 Qf4 22. Rd1 hxg5 23. Qb6 e4 24. fxe4 Nxe4 25. Bxe4 Qxe4+ 26. Qe3 Qg2+ 0-1

[Event "NOR-chT"]
[Site "Oslo"]
[Date "2000.05.31"]
[Round "1"]
[White "Bern, Ivar"]
[Black "Storland, Knut Harald"]
[Result "1-0"]
[WhiteElo "2379"]
[BlackElo "2273"]
[PlyCount "77"]
[EventDate "2000.05.31"]
[EventType "team"]
[EventRounds "5"]
[EventCountry "NOR"]
[SourceTitle "CBM 076 Extra"]
[Source "ChessBase"]
[SourceDate "2000.07.11"]
[SourceVersion "1"]
[SourceVersionDate "2000.07.11"]
[SourceQuality "1"]

1. g3 d5 2. Bg2 e5 3. c4 dxc4 4. Qa4+ c6 5. Qxc4 Be6 6. Qc2 Qc7 7. Nf3 Na6 8. Nc3 Rd8 9. Ng5 Bc8 10. Nxh7 Nb4 11. Qb1 Be7 12. h4 Nd3+ 13. exd3 Rxh7 14. b3 Nf6 15. Bb2 b6 16. Ne4 Ng4 17. f3 Nh6 18. Qc2 Ba6 19. Rc1 c5 20. Nf2 e4 21. f4 exd3 22. Qd1 Bb7 23. 0-0 Nf5 24. Qg4 Bxg2 25. Kxg2 Qc6+ 26. Kg1 g6 27. Rfe1 Kf8 28. Re4 Kg8 29. Rce1 Bf8 30. Qg5 Qd7 31. Ng4 Qc8 32. Nf6+ Kh8 33. Nxh7+ Kxh7 34. h5 c4 35. hxg6+ fxg6 36. Kg2 cxb3 37. Rh1+ Kg8 38. Rh8+ Kf7 39. Qf6# 1-0

[Event "EU-Cup 15th Gr4"]
[Site "Eupen"]
[Date "1999.10.08"]
[Round "1"]
[White "Storland, Knut Harald"]
[Black "Ilincic, Zlatko"]
[Result "1-0"]
[WhiteElo "2269"]
[BlackElo "2577"]
[PlyCount "81"]
[EventDate "1999.10.08"]
[EventType "team-k.o."]
[EventRounds "3"]
[EventCountry "BEL"]
[SourceTitle "EXT 2020"]
[Source "ChessBase"]
[SourceDate "2019.10.17"]
[SourceVersion "1"]
[SourceVersionDate "2019.10.17"]
[SourceQuality "1"]
[WhiteTeam "Randaberg"]
[BlackTeam "Zemun Agrouniverzal"]
[WhiteTeamCountry "NOR"]
[BlackTeamCountry "SRB"]

1. Nf3 d5 2. d4 Nf6 3. c4 c6 4. Nc3 dxc4 5. a4 Bg4 6. Ne5 Bh5 7. f3 e6 8. e4 Bb4 9. Be2 Nfd7 10. Nxc4 0-0 11. 0-0 Nb6 12. Be3 a5 13. Qb3 Na6 14. Rfd1 Re8 15. Rac1 Nxc4 16. Bxc4 Qe7 17. Ne2 f6 18. Nf4 Bf7 19. Nd3 Red8 20. Bf2 Rd7 21. Kf1 Bd6 22. h3 Nb4 23. Nc5 Bxc5 24. dxc5 Rad8 25. Ke2 Kf8 26. Rxd7 Rxd7 27. Rd1 Rxd1 28. Kxd1 Ke8 29. Ke2 f5 30. Kf1 fxe4 31. fxe4 Qf6 32. Kg1 Qe5 33. Qg3 Qxe4 34. Qb8+ Ke7 35. Qc7+ Ke8 36. b3 Nd5 37. Qc8+ Ke7 38. Qxb7+ Kf6 39. Qxc6 Ke7 40. Qd6+ Kf6 41. c6 1-0

[Event "NOR-ch"]
[Site "Gausdal"]
[Date "1999.07.04"]
[Round "2"]
[White "Storland, Knut Harald"]
[Black "Hansen, Torbjorn Ringdal"]
[Result "1-0"]
[WhiteElo "2269"]
[BlackElo "2259"]
[PlyCount "89"]
[EventDate "1999.07.03"]
[EventType "swiss"]
[EventRounds "9"]
[EventCountry "NOR"]
[SourceTitle "CBM 071 Extra"]
[Source "ChessBase"]
[SourceDate "1999.09.14"]
[SourceVersion "1"]
[SourceVersionDate "1999.09.14"]
[SourceQuality "1"]

1. c4 e5 2. g3 Nf6 3. Bg2 d5 4. cxd5 Nxd5 5. Nc3 Nb6 6. Nf3 Nc6 7. 0-0 Be7 8. a3 0-0 9. b4 a6 10. d3 Re8 11. Bb2 Bf8 12. Rc1 Nd4 13. Nxd4 exd4 14. Ne4 Bg4 15. h3 Bh5 16. g4 Bg6 17. Nc5 Bxc5 18. bxc5 Nd5 19. Qd2 h5 20. Bxd4 hxg4 21. hxg4 Qh4 22. f3 Rad8 23. Rc4 b5 24. cxb6 Nxb6 25. Rb4 a5 26. Rxb6 cxb6 27. Bxb6 Rb8 28. Bxa5 Qe7 29. f4 Qxa3 30. f5 Bh7 31. Bc3 Qc5+ 32. d4 Qc4 33. Bf3 Rb6 34. d5 Qc7 35. Qd4 f6 36. Kg2 Rb3 37. Rc1 Qd6 38. Bd2 g6 39. Rc6 Qd7 40. fxg6 Bxg6 41. Qxf6 Bf7 42. Qg5+ Kf8 43. Rh6 Bg8 44. Qf4+ Bf7 45. Qf6 1-0

[Event "NOR-chT"]
[Site "Langesund"]
[Date "1999.05.16"]
[Round "7"]
[White "Storland, Knut Harald"]
[Black "Royset, Pal"]
[Result "0-1"]
[WhiteElo "2275"]
[BlackElo "2235"]
[PlyCount "88"]
[EventDate "1999.05.??"]
[EventType "team-swiss"]
[EventRounds "7"]
[EventCountry "NOR"]
[SourceTitle "EXT 2000"]
[Source "ChessBase"]
[SourceDate "1999.11.16"]
[SourceVersion "1"]
[SourceVersionDate "1999.11.16"]
[SourceQuality "1"]

1. c4 Nf6 2. Nc3 e6 3. Nf3 d5 4. d4 c6 5. Bg5 dxc4 6. e3 b5 7. a4 Bb4 8. Be2 Nbd7 9. 0-0 Qb6 10. Qc2 0-0 11. Nd2 Bb7 12. f4 a6 13. Bf3 c5 14. Bxb7 Qxb7 15. dxc5 Bxc5 16. Rf3 Ng4 17. Re1 Qb6 18. Nf1 f5 19. h3 Ngf6 20. g4 fxg4 21. hxg4 Nxg4 22. Ne4 Nge5 23. Rh3 Nd3 24. Re2 Rxf4 25. Bxf4 Nxf4 26. Reh2 Nxh3+ 27. Rxh3 h6 28. Qg2 Rf8 29. axb5 axb5 30. Nxc5 Qxc5 31. Rxh6 Ne5 32. Rh5 Qd6 33. Qh3 Rf6 34. Rh8+ Kf7 35. Qh7 Nf3+ 36. Kg2 Ne1+ 37. Kg1 Rg6+ 38. Kf2 Nd3+ 39. Ke2 Rg2+ 40. Kf3 Rf2+ 41. Kg4 Ne5+ 42. Kh3 Rxf1 43. Kg2 Rf5 44. Qg8+ Kf6 0-1

[Event "NOR-chT"]
[Site "Langesund"]
[Date "1999.05.12"]
[Round "1"]
[White "Lie, Kjetil A"]
[Black "Storland, Knut Harald"]
[Result "0-1"]
[WhiteElo "2220"]
[BlackElo "2275"]
[PlyCount "58"]
[EventDate "1999.05.??"]
[EventType "team-swiss"]
[EventRounds "7"]
[EventCountry "NOR"]
[SourceTitle "EXT 2000"]
[Source "ChessBase"]
[SourceDate "1999.11.16"]
[SourceVersion "1"]
[SourceVersionDate "1999.11.16"]
[SourceQuality "1"]

1. e4 Nf6 2. e5 Nd5 3. c4 Nb6 4. d4 d6 5. exd6 cxd6 6. Be3 g6 7. a4 Bg7 8. a5 N6d7 9. Nf3 0-0 10. Qd2 e5 11. dxe5 dxe5 12. Nc3 Nc6 13. Nd5 Nf6 14. Bg5 e4 15. Nd4 Nxd4 16. Qxd4 Nxd5 17. Qxd5 Qxd5 18. cxd5 Bxb2 19. Ra2 Bc3+ 20. Bd2 Be5 21. Bc4 Bd7 22. 0-0 Rfc8 23. Bb3 Bb5 24. Re1 f5 25. f3 Bd4+ 26. Be3 Rc1 27. Bxd4 Rxe1+ 28. Kf2 Rb1 29. Ra3 f4 0-1

[Event "NOR-ch"]
[Site "Stavanger"]
[Date "1997.??.??"]
[Round "7"]
[White "Bern, Ivar"]
[Black "Storland, Knut Harald"]
[Result "1-0"]
[WhiteElo "2310"]
[BlackElo "2195"]
[PlyCount "87"]
[EventDate "1997.??.??"]
[EventType "swiss"]
[EventRounds "9"]
[EventCountry "NOR"]
[SourceTitle "EXT 2001"]
[Source "ChessBase"]
[SourceDate "2000.11.22"]
[SourceVersion "1"]
[SourceVersionDate "2000.11.22"]
[SourceQuality "1"]

1. g3 d5 2. Bg2 c6 3. Nf3 Bf5 4. b3 Qc8 5. h3 e6 6. Bb2 h6 7. d3 Nf6 8. 0-0 Be7 9. Nbd2 0-0 10. Nh2 Rd8 11. Qe1 Bh7 12. e4 dxe4 13. dxe4 Bb4 14. c3 Be7 15. Rd1 Nfd7 16. Qe2 Nc5 17. Ng4 Nbd7 18. f4 Nf6 19. Nf2 Qc7 20. c4 a5 21. Kh1 Qb6 22. Bc3 Rd7 23. g4 Rad8 24. f5 Ne8 25. Nf3 Na6 26. Rxd7 Rxd7 27. fxe6 fxe6 28. g5 hxg5 29. Ne5 Rd8 30. Qh5 Nd6 31. Ng6 Qc7 32. Bxa5 Qxa5 33. Nxe7+ Kh8 34. e5 Nf5 35. Nxf5 exf5 36. Qxg5 Re8 37. Nd3 Nc7 38. Qh5 Qxa2 39. Nf4 Kg8 40. e6 Qa3 41. Qf7+ Kh8 42. Qxc7 Qxb3 43. Qf7 Ra8 44. e7 1-0

[Event "NOR-ch"]
[Site "Stavanger"]
[Date "1997.??.??"]
[Round "5"]
[White "Gabrielsen, Stig"]
[Black "Storland, Knut Harald"]
[Result "0-1"]
[WhiteElo "2340"]
[BlackElo "2195"]
[PlyCount "84"]
[EventDate "1997.??.??"]
[EventType "swiss"]
[EventRounds "9"]
[EventCountry "NOR"]
[SourceTitle "EXT 2001"]
[Source "ChessBase"]
[SourceDate "2000.11.22"]
[SourceVersion "1"]
[SourceVersionDate "2000.11.22"]
[SourceQuality "1"]

1. e4 Nf6 2. e5 Nd5 3. d4 d6 4. Nf3 dxe5 5. Nxe5 c6 6. Bc4 Bf5 7. 0-0 Nd7 8. Nd3 e6 9. Nd2 N7b6 10. Qf3 Bd6 11. Re1 Qh4 12. h3 0-0-0 13. Bxd5 cxd5 14. Ne5 Rhf8 15. Nb3 f6 16. Qc3+ Kb8 17. Nf3 Qh5 18. Nc5 e5 19. dxe5 fxe5 20. Nxe5 Be4 21. f4 Rc8 22. b4 g5 23. fxg5 Qe8 24. Bb2 Rxc5 25. bxc5 Na4 26. cxd6 Nxc3 27. Bxc3 Qc8 28. Rf1 Rxf1+ 29. Rxf1 Qc5+ 30. Kh1 Qxd6 31. Rf8+ Kc7 32. Rf7+ Kc8 33. Bd4 Qa3 34. c3 Qxa2 35. Rf2 Qa3 36. h4 a5 37. Kh2 a4 38. h5 Qe7 39. g3 Qxg5 40. Rf8+ Kc7 41. Rf7+ Kd6 42. Rxb7 Qxh5+ 0-1

[Event "NOR-ch"]
[Site "Stavanger"]
[Date "1997.??.??"]
[Round "3"]
[White "Johannessen, Svein"]
[Black "Storland, Knut Harald"]
[Result "0-1"]
[WhiteElo "2200"]
[BlackElo "2200"]
[PlyCount "85"]
[EventDate "1997.??.??"]
[EventType "swiss"]
[EventRounds "9"]
[EventCountry "NOR"]
[SourceTitle "EXT 2001"]
[Source "ChessBase"]
[SourceDate "2000.11.22"]
[SourceVersion "1"]
[SourceVersionDate "2000.11.22"]
[SourceQuality "1"]

1. Nf3 Nf6 2. b4 c6 3. Nc3 d5 4. e3 Bf5 5. Be2 e6 6. Rb1 h6 7. 0-0 Be7 8. Nd4 Bh7 9. f4 0-0 10. Bd3 b6 11. Bxh7+ Kxh7 12. Qf3 c5 13. bxc5 bxc5 14. Nde2 Nc6 15. Bb2 Rb8 16. g4 Nb4 17. g5 Ng8 18. a3 Nxc2 19. Rfc1 Rxb2 20. Rxb2 Nxa3 21. Ra2 Nc4 22. d3 Na5 23. h4 c4 24. dxc4 Nxc4 25. Nd4 Bc5 26. Rg2 Bxd4 27. exd4 Ne7 28. Qd3+ Kh8 29. Kh1 Nf5 30. h5 Qd6 31. Ne2 a5 32. g6 fxg6 33. hxg6 a4 34. Ra1 a3 35. Qb3 Qe7 36. Qb5 Nce3 37. Rh2 Ng4 38. Rh5 Qf6 39. Qc5 Kg8 40. Rxa3 Qxg6 41. Rhh3 Nf2+ 42. Kh2 Nxh3 43. Kxh3 0-1

[Event "NOR-ch"]
[Site "Stavanger"]
[Date "1997.??.??"]
[Round "4"]
[White "Storland, Knut Harald"]
[Black "Elsness, Frode"]
[Result "1/2-1/2"]
[WhiteElo "2195"]
[BlackElo "2365"]
[PlyCount "82"]
[EventDate "1997.??.??"]
[EventType "swiss"]
[EventRounds "9"]
[EventCountry "NOR"]
[SourceTitle "EXT 2001"]
[Source "ChessBase"]
[SourceDate "2000.11.22"]
[SourceVersion "1"]
[SourceVersionDate "2000.11.22"]
[SourceQuality "1"]

1. c4 f5 2. g3 Nf6 3. Bg2 g6 4. Nc3 Bg7 5. d3 d6 6. e4 Nc6 7. Nge2 e5 8. 0-0 0-0 9. d4 fxe4 10. d5 Ne7 11. Nxe4 h6 12. Nxf6+ Rxf6 13. Nc3 Nf5 14. Ne4 Rf7 15. c5 g5 16. cxd6 cxd6 17. b3 Nd4 18. Ba3 Bf8 19. h3 Bf5 20. Rc1 Qb6 21. Bb2 Bg7 22. Rc4 Raf8 23. Bc1 Qd8 24. a4 Qd7 25. g4 Bg6 26. Ng3 Nf3+ 27. Bxf3 Rxf3 28. Be3 e4 29. Kg2 h5 30. Nxe4 hxg4 31. Nxg5 gxh3+ 32. Kh1 Bh5 33. Rg1 Qf5 34. Rh4 h2 35. Rg2 Rxf2 36. Qxh5 Qb1+ 37. Kxh2 Be5+ 38. Bf4 Bxf4+ 39. Rxf4 Rxg2+ 40. Kxg2 Rxf4 41. Qe8+ Rf8 1/2-1/2

[Event "NOR-ch"]
[Site "Stavanger"]
[Date "1997.??.??"]
[Round "2"]
[White "Storland, Knut Harald"]
[Black "Johansen, Terje"]
[Result "0-1"]
[WhiteElo "2195"]
[BlackElo "2240"]
[PlyCount "70"]
[EventDate "1997.??.??"]
[EventType "swiss"]
[EventRounds "9"]
[EventCountry "NOR"]
[SourceTitle "EXT 2001"]
[Source "ChessBase"]
[SourceDate "2000.11.22"]
[SourceVersion "1"]
[SourceVersionDate "2000.11.22"]
[SourceQuality "1"]

1. c4 c6 2. Nc3 d5 3. d4 Nf6 4. Nf3 dxc4 5. a4 Na6 6. e4 Bg4 7. Bxc4 Bxf3 8. gxf3 e6 9. Be3 Nb4 10. a5 Be7 11. Qb3 b5 12. axb6 axb6 13. 0-0 0-0 14. Be2 Qc7 15. f4 c5 16. d5 exd5 17. e5 c4 18. Qd1 Rxa1 19. Qxa1 Ne4 20. Qa4 Bc5 21. Nxe4 dxe4 22. Bd2 Nd3 23. b3 Nxf2 24. Qxc4 Qb7 25. Kg2 e3+ 26. Bf3 Qd7 27. Bxe3 Bxe3 28. Rxf2 Bxf2 29. Kxf2 Rc8 30. Qe4 g6 31. Be2 Rd8 32. Kg3 Qd4 33. Qc6 Qg1+ 34. Kh3 Qe3+ 35. Bf3 Qxf4 0-1

[Event "NOR-ch"]
[Site "Stavanger"]
[Date "1997.??.??"]
[Round "6"]
[White "Storland, Knut Harald"]
[Black "Tjomsland, Stig"]
[Result "1-0"]
[WhiteElo "2195"]
[BlackElo "2240"]
[PlyCount "65"]
[EventDate "1997.??.??"]
[EventType "swiss"]
[EventRounds "9"]
[EventCountry "NOR"]
[SourceTitle "EXT 2001"]
[Source "ChessBase"]
[SourceDate "2000.11.22"]
[SourceVersion "1"]
[SourceVersionDate "2000.11.22"]
[SourceQuality "1"]

1. c4 e5 2. g3 d6 3. d4 Nd7 4. Bg2 g6 5. Nc3 Bg7 6. Nf3 Ne7 7. dxe5 Nxe5 8. Nxe5 dxe5 9. Qxd8+ Kxd8 10. Bg5 f6 11. 0-0-0+ Bd7 12. Rd2 Ke8 13. Be3 c6 14. Ne4 Nc8 15. Nc5 Nb6 16. Rhd1 Bc8 17. b3 Bf8 18. Rd8+ Ke7 19. a4 Bg7 20. R8d2 Rb8 21. a5 Na8 22. Na4 Bf5 23. Bxa7 Bh6 24. e3 Rbc8 25. h3 Rhe8 26. Nc5 Rc7 27. Bb6 Nxb6 28. axb6 Rcc8 29. Nxb7 Rb8 30. Bxc6 Rec8 31. Bg2 e4 32. Nd6 Rc6 33. b7 1-0

[Event "EU-Cup 12th Group3"]
[Site "London"]
[Date "1996.11.24"]
[Round "2"]
[White "Storland, Knut Harald"]
[Black "Kennaugh, Charles"]
[Result "1/2-1/2"]
[WhiteElo "2240"]
[BlackElo "2290"]
[PlyCount "58"]
[EventDate "1996.09.06"]
[EventType "team-k.o."]
[EventRounds "3"]
[EventCountry "ENG"]
[SourceTitle "EXT 2020"]
[Source "ChessBase"]
[SourceDate "2019.10.17"]
[SourceVersion "1"]
[SourceVersionDate "2019.10.17"]
[SourceQuality "1"]
[WhiteTeam "Randaberg"]
[BlackTeam "Guildford Chess Club"]
[WhiteTeamCountry "NOR"]
[BlackTeamCountry "ENG"]

1. c4 e5 2. g3 Nf6 3. Bg2 d5 4. cxd5 Nxd5 5. Nc3 Ne7 6. Nf3 Nbc6 7. 0-0 g6 8. d3 Bg7 9. Rb1 a5 10. a3 0-0 11. b4 axb4 12. axb4 Re8 13. Nd2 Be6 14. b5 Na5 15. Nde4 Nd5 16. Bd2 Nxc3 17. Bxc3 Bd5 18. Ra1 b6 19. Rb1 Ra7 20. Nd2 Bxg2 21. Kxg2 Qd5+ 22. Kg1 Rea8 23. Qa4 Nb7 24. Qc4 Qd7 25. Rfc1 Nc5 26. Ne4 Ne6 27. Ra1 Rxa1 28. Rxa1 Rxa1+ 29. Bxa1 h6 1/2-1/2

[Event "Arnold Cup"]
[Site "Gausdal"]
[Date "1995.??.??"]
[Round "4"]
[White "Ivanov, Mikhail M"]
[Black "Storland, Knut Harald"]
[Result "1-0"]
[WhiteElo "2450"]
[BlackElo "2215"]
[PlyCount "51"]
[EventDate "1995.04.??"]
[EventType "swiss"]
[EventRounds "9"]
[EventCountry "NOR"]
[SourceTitle "EXT 1998"]
[Source "ChessBase"]
[SourceDate "1997.11.17"]
[SourceVersion "1"]
[SourceVersionDate "1997.11.17"]
[SourceQuality "1"]

1. Nf3 d5 2. d4 Bf5 3. c4 e6 4. Qb3 Nc6 5. Bd2 Qd7 6. e3 Nf6 7. Ne5 Nxe5 8. dxe5 Ne4 9. Qxb7 Rc8 10. cxd5 Nc5 11. Qxa7 Qxd5 12. Nc3 Qxe5 13. Ba6 Nd3+ 14. Bxd3 Bxd3 15. Qb7 Kd7 16. f4 Qf6 17. Na4 Bd6 18. Nb6+ Ke7 19. Nxc8+ Rxc8 20. Bb4 Qh4+ 21. Kd2 Bg6 22. Bxd6+ Kxd6 23. Rhd1 Qf2+ 24. Kc1+ Ke7 25. Qb4+ Ke8 26. Qd2 1-0

[Event "Arnold Cup"]
[Site "Gausdal"]
[Date "1995.??.??"]
[Round "3"]
[White "Storland, Knut Harald"]
[Black "Wikstrom, Per"]
[Result "1-0"]
[WhiteElo "2215"]
[BlackElo "2080"]
[PlyCount "81"]
[EventDate "1995.04.??"]
[EventType "swiss"]
[EventRounds "9"]
[EventCountry "NOR"]
[SourceTitle "EXT 1998"]
[Source "ChessBase"]
[SourceDate "1997.11.17"]
[SourceVersion "1"]
[SourceVersionDate "1997.11.17"]
[SourceQuality "1"]

1. c4 e5 2. g3 d6 3. Bg2 f5 4. d4 e4 5. f3 exf3 6. Nxf3 Nf6 7. 0-0 g6 8. Nc3 Bg7 9. Bg5 Nbd7 10. e4 fxe4 11. Nxe4 0-0 12. Qd3 Rf7 13. Rae1 Qf8 14. Nfd2 h6 15. Be3 Kh7 16. Rf4 Nh5 17. Rxf7 Qxf7 18. Rf1 Qe8 19. g4 Nhf6 20. g5 Ng8 21. gxh6 Bxh6 22. Ng5+ Bxg5 23. Bxg5 Nf8 24. Be4 Kg7 25. Qf3 Nh7 26. Bh4 Bf5 27. Bxb7 Rb8 28. Bc6 Qc8 29. b3 Qa6 30. Qc3 Rf8 31. Bg2 Nhf6 32. d5 Kh7 33. Bf2 Ng4 34. Bd4 Rf7 35. Ne4 Re7 36. Ng5+ Kh6 37. Ne6 Bxe6 38. dxe6 Rxe6 39. Bg7+ Kh7 40. Rf7 Re7 41. Qh3+ 1-0

[Event "Gausdal Int"]
[Site "Gausdal"]
[Date "1990.??.??"]
[Round "9"]
[White "Engqvist, Thomas"]
[Black "Storland, Knut Harald"]
[Result "1/2-1/2"]
[WhiteElo "2365"]
[BlackElo "2205"]
[PlyCount "87"]
[EventDate "1990.08.??"]
[EventType "swiss"]
[EventRounds "9"]
[EventCountry "NOR"]
[SourceTitle "TD"]
[Source "ChessBase"]
[SourceDate "1994.03.01"]
[SourceVersion "1"]
[SourceVersionDate "1994.03.01"]
[SourceQuality "1"]

1. d4 Nf6 2. Nf3 c5 3. d5 b5 4. Bg5 Qb6 5. Bxf6 Qxf6 6. c3 Qb6 7. e4 g6 8. a4 b4 9. a5 Qc7 10. Bc4 Bg7 11. 0-0 0-0 12. Qc2 Qf4 13. Ra4 bxc3 14. Nxc3 d6 15. e5 Bd7 16. Bb5 Qf5 17. Qxf5 Bxf5 18. a6 dxe5 19. d6 exd6 20. Nd5 Bd7 21. Nc7 Rc8 22. Bxd7 Rxc7 23. Bb5 Nc6 24. Bc4 Rb8 25. b3 Nb4 26. Rd1 d5 27. Be2 e4 28. Nd2 Bd4 29. Nf1 f5 30. Ne3 Kg7 31. Rxb4 Rxb4 32. Nxd5 Rd7 33. Nxb4 cxb4 34. Kf1 Kf6 35. Bb5 Rd6 36. Ke2 Be5 37. Rxd6+ Bxd6 38. h3 Bc5 39. Bc4 g5 40. Bg8 h6 41. Bh7 Ke5 42. f3 e3 43. g4 fxg4 44. hxg4 1/2-1/2

[Event "Gausdal Int"]
[Site "Gausdal"]
[Date "1990.??.??"]
[Round "4"]
[White "Ostenstad, Berge"]
[Black "Storland, Knut Harald"]
[Result "1-0"]
[WhiteElo "2425"]
[BlackElo "2205"]
[PlyCount "86"]
[EventDate "1990.08.??"]
[EventType "swiss"]
[EventRounds "9"]
[EventCountry "NOR"]
[SourceTitle "TD"]
[Source "ChessBase"]
[SourceDate "1994.03.01"]
[SourceVersion "1"]
[SourceVersionDate "1994.03.01"]
[SourceQuality "1"]

1. d4 Nf6 2. c4 g6 3. Nc3 Bg7 4. e4 d6 5. Nf3 0-0 6. Be2 e5 7. 0-0 Nc6 8. d5 Ne7 9. Nd2 c5 10. Rb1 Ne8 11. b4 b6 12. bxc5 dxc5 13. a4 Nd6 14. a5 Bd7 15. Qb3 Nec8 16. Ra1 Rb8 17. axb6 axb6 18. Qc2 f5 19. f3 f4 20. Bb2 g5 21. Nd1 h5 22. Nf2 Kh7 23. Bc3 Qc7 24. Rfb1 Rg8 25. Qb2 Nf7 26. Bd1 Bf8 27. h3 Bd6 28. Ba4 Bxa4 29. Rxa4 Nh6 30. Nd3 Nf7 31. Kf2 Qe7 32. Rh1 Kg7 33. Ke2 Kf8 34. Nf2 Qd7 35. Qa2 Qb7 36. Rb1 Kg7 37. Qa1 Qe7 38. Nb3 Rd8 39. Nc1 Rd7 40. Ncd3 Rdb7 41. h4 Kh6 42. hxg5+ Qxg5 43. g3 Qxg3 1-0